Recordando la historia de mi pueblo : San Ramón /
Guardado en:
| Autor principal: | |
|---|---|
| Formato: | Desconocido |
| Lenguaje: | Spanish |
| Publicado: |
San José, Costa Rica :
Editorial de la Universidad Estatal a Distancia,
1995.
|
| Materias: | |
| Etiquetas: |
Agregar Etiqueta
Sin Etiquetas, Sea el primero en etiquetar este registro!
|
MARC
| LEADER | 000000000a22000000004500 | ||
|---|---|---|---|
| 001 | 003647 | ||
| 020 | |a 99776488476 | ||
| 041 | 0 | |a spa | |
| 082 | 0 | 4 | |a 972.865.7 |b Q5r |
| 100 | 1 | |a Quesada Alvarado, Ángela | |
| 245 | 1 | 0 | |a Recordando la historia de mi pueblo : |b San Ramón / |c Ángela Quesada Alvarado. |
| 260 | 1 | |a San José, Costa Rica : |b Editorial de la Universidad Estatal a Distancia, |c 1995. | |
| 300 | |a 276 páginas ; |c 21 cm. | ||
| 650 | 4 | |a SAN RAMON, ALAJUELA (COSTA RICA) | |
| 650 | 4 | |a HISTORIA | |
| 650 | 4 | |a HIMNOS PATRIOS | |
| 650 | 4 | |a CANCIONES | |
| 650 | 4 | |a FOTOGRAFIA | |
| 650 | 4 | |a COSTUMBRES Y TRADICIONES | |
| 999 | |c 10120 |d 10120 | ||
| 942 | |c BK |h 972.865.7 Q5r |2 z | ||
